01755nam a2200301 a 4500001001000000005001700010008004100027041000800068044000700076084002000083100004500103245009700148260003400245300002200279500031600301500014500617500027000762500003501032500001001067546002401077650005201101650005601153650003401209650004501243700005601288700005901344740005001403BRCA_284420190320204008.0101208s1780----gw-a---###---#000-0dger-u ager agw a269b.F75c17801 aCervantes Saavedra, Miguel ded1547-161610aLeben und Thaten des weisen Junkers Don Quixote von la ManchacMiguel de Cervantes Saavedra. aLeipzigbGaspar Fritschc1780 a6 v.bil.c17 cm. aContenido : v 1. Primera parte. Retrato de Cervantes. Vida y obra de Cervantes por F. J. Bertuch. Prólogo del autor. Texto. -- v 2. Texto. -- v 3. Segunda parte. Texto. -- v 4. Texto. -- v 5. Primera parte de la continucación por Avellaneda. Texto. -- v 6. Segunda de la continuación por Avellaneda. Texto aEdición : Aus der Urshrift des Cervantes, nebst der Fortsetzung des Avellaneda. In 6 Bánden von F. J. Bertuch. Zwote Ausgabe mit Kupfern aReproducción de la edición del LO-268, impresa en Weimar, pero mejorado el papel y los tipos y añadiendo 15 láminas y viñetas, ambas dibujadas por Chodowiecki y grabadas en cobre por Berger. Semipiel; lomeras decoradas con adornos dorados Lúdovik Osterc aCon ex-libris de : W. Carpelan aQM501 aTexto en : alemán14aNovela españolayÉpoca clásica, 1500-170014aLiteratura españolayÉpoca clásica, 1500-170014aNovela españolaySiglo XVII14aDon Quijote (Personaje ficticio)eNovela1 aChodowiecki, Daniel Nikolausd1726-1801eIlustrador1 aBertuch, Friedrich Johann Justind1747-1822eTraductor0 aEl Ingenioso Hidalgo Don Quijote de la Mancha